[Event "Montreal Generations"]
[Site "Montreal"]
[Date "2023.04.02"]
[Round "5.4"]
[White "Rodrigue Lemieux, Shawn"]
[Black "Bolduc, Steve"]
[Result "1-0"]
[WhiteElo "2456"]
[BlackElo "2145"]
[PlyCount "81"]
[EventDate "2023.03.31"]
[EventType "schev"]
[EventRounds "5"]
[EventCountry "CAN"]
[SourceTitle "CBM 213 Extra"]
[Source "ChessBase"]
[SourceDate "2023.05.31"]
[SourceVersion "1"]
[SourceVersionDate "2023.05.31"]
[SourceQuality "1"]
[WhiteTeam "Juniors"]
[BlackTeam "Adults"]
[WhiteTeamCountry "CAN"]
[BlackTeamCountry "CAN"]

1. a3 g6 2. d4 Nf6 3. Nf3 Bg7 4. e3 d6 5. Be2 0-0 6. 0-0 b6 7. c4 Bb7 8. Nc3 Nbd7 9. Qc2 e5 10. b4 exd4 11. Nxd4 Re8 12. Bb2 Ne4 13. Rad1 Nxc3 14. Bxc3 Ne5 15. e4 Qh4 16. f3 Bh6 17. Be1 Be3+ 18. Kh1 Qh6 19. Bg3 Bf4 20. Bxf4 Qxf4 21. Nb5 Re7 22. c5 dxc5 23. bxc5 Qe3 24. cxb6 axb6 25. Rfe1 Qf2 26. Rf1 Qe3 27. Rfe1 Qf2 28. Qc1 Rae8 29. Rd2 h5 30. Rc2 Qh4 31. g3 Qh3 32. Bf1 Nxf3 33. Bxh3 Nxe1 34. Rxc7 Nd3 35. Qc4 Nf2+ 36. Kg2 Nxe4 37. Rxb7 Rxb7 38. Nc7 Nd6 39. Qc6 Re2+ 40. Kf1 Rd2 41. Nd5 1-0

[Event "CAN-ch Int"]
[Site "Contrecoeur"]
[Date "2022.10.08"]
[Round "3"]
[White "Sai, Krishna GV"]
[Black "Bolduc, Steve"]
[Result "1-0"]
[WhiteElo "2405"]
[BlackElo "2155"]
[PlyCount "47"]
[EventDate "2022.10.07"]
[EventType "swiss"]
[EventRounds "5"]
[EventCountry "CAN"]
[SourceTitle "CBM 210 Extra"]
[Source "ChessBase"]
[SourceDate "2022.11.30"]
[SourceVersion "1"]
[SourceVersionDate "2022.11.30"]
[SourceQuality "1"]

1. e4 c5 2. Nf3 Nc6 3. Nc3 Nf6 4. Bb5 g6 5. e5 Ng4 6. Bxc6 dxc6 7. h3 Nh6 8. g4 Ng8 9. Ne4 h5 10. g5 Bf5 11. Qe2 Qd5 12. d3 0-0-0 13. b3 Bg7 14. Bb2 Bxe4 15. dxe4 Qe6 16. Qe3 b6 17. Ke2 f6 18. Rad1 fxe5 19. Rxd8+ Kxd8 20. Rd1+ Ke8 21. Nh4 Nf6 22. gxf6 exf6 23. Nxg6 Rh7 24. Nh4 1-0

[Event "Quebec-ch"]
[Site "Montreal"]
[Date "2019.03.22"]
[Round "1.2"]
[White "Masse, Hugues"]
[Black "Bolduc, Steve"]
[Result "1-0"]
[WhiteElo "2163"]
[BlackElo "2165"]
[PlyCount "59"]
[EventDate "2019.01.21"]
[EventType "k.o."]
[EventRounds "4"]
[EventCountry "CAN"]
[SourceTitle "CBM 189 Extra"]
[Source "ChessBase"]
[SourceDate "2019.05.31"]
[SourceVersion "1"]
[SourceVersionDate "2019.05.31"]
[SourceQuality "1"]

1. e4 e5 2. Nf3 Nf6 3. Nxe5 d6 4. Nf3 Nxe4 5. c4 c6 6. Nc3 Nxc3 7. dxc3 Be6 8. Nd4 Qe7 9. Nxe6 fxe6 10. Be3 Qf7 11. Be2 Be7 12. Qb3 b6 13. Qa4 0-0 14. 0-0 Bd8 15. Rad1 Bc7 16. Rd4 e5 17. Rg4 Qd7 18. Rd1 c5 19. Qc2 Nc6 20. Rh4 g6 21. Bh6 Rf7 22. Qe4 Rb8 23. Bg4 Qe8 24. Rh3 Nd8 25. Qd5 Kh8 26. Bg5 b5 27. cxb5 Rxb5 28. b3 c4 29. Qxc4 Qc6 30. Bxd8 1-0

[Event "Quebec-ch"]
[Site "Montreal"]
[Date "2019.03.22"]
[Round "1.3"]
[White "Masse, Hugues"]
[Black "Bolduc, Steve"]
[Result "1-0"]
[WhiteElo "2163"]
[BlackElo "2165"]
[PlyCount "115"]
[EventDate "2019.01.21"]
[EventType "k.o."]
[EventRounds "4"]
[EventCountry "CAN"]
[SourceTitle "CBM 189 Extra"]
[Source "ChessBase"]
[SourceDate "2019.05.31"]
[SourceVersion "1"]
[SourceVersionDate "2019.05.31"]
[SourceQuality "1"]

1. e4 Nf6 2. e5 Nd5 3. d4 d6 4. Nf3 c6 5. c4 Nc7 6. exd6 exd6 7. Nc3 Be7 8. Bd3 Bg4 9. h3 Bh5 10. 0-0 Bg6 11. Bxg6 hxg6 12. Qb3 b6 13. Re1 0-0 14. Bf4 Nd7 15. Qa4 c5 16. Rad1 Ne6 17. Be3 a6 18. Qc2 Nf6 19. d5 Nc7 20. a4 Rb8 21. Qd3 Qd7 22. b3 Rfe8 23. Bf4 b5 24. axb5 axb5 25. Qc2 bxc4 26. bxc4 Rb4 27. Nd2 Qf5 28. Qxf5 gxf5 29. Rb1 Kf8 30. Na2 Ra4 31. Rb2 Rea8 32. Nc3 Ra3 33. Rc1 Nd7 34. Rb7 R3a7 35. Rcb1 g5 36. Bh2 f4 37. g3 fxg3 38. Bxg3 Ne5 39. Bxe5 dxe5 40. Nce4 f5 41. d6 fxe4 42. dxe7+ Kxe7 43. Nxe4 Rxb7 44. Rxb7 Kd7 45. Nxg5 Ra4 46. Nf3 e4 47. Nd2 Kc6 48. Rb8 Ne6 49. Re8 Kd7 50. Rh8 Nd4 51. Rh5 Nf3+ 52. Nxf3 exf3 53. Rxc5 Kd6 54. Rh5 Rxc4 55. Kh2 Ke6 56. Rg5 Kf6 57. Rg4 Rc3 58. Kg3 1-0

[Event "Quebec-ch"]
[Site "Montreal"]
[Date "2019.03.21"]
[Round "1.1"]
[White "Bolduc, Steve"]
[Black "Masse, Hugues"]
[Result "1-0"]
[WhiteElo "2165"]
[BlackElo "2163"]
[PlyCount "49"]
[EventDate "2019.01.21"]
[EventType "k.o."]
[EventRounds "4"]
[EventCountry "CAN"]
[SourceTitle "CBM 189 Extra"]
[Source "ChessBase"]
[SourceDate "2019.05.31"]
[SourceVersion "1"]
[SourceVersionDate "2019.05.31"]
[SourceQuality "1"]

1. e4 e5 2. f4 exf4 3. Nf3 g5 4. Nc3 Bg7 5. g3 fxg3 6. hxg3 h6 7. d4 Ne7 8. Bc4 Ng6 9. Be3 d6 10. Qe2 Be6 11. 0-0-0 Nd7 12. Bxe6 fxe6 13. d5 e5 14. Rdf1 g4 15. Nh2 h5 16. Rf5 Nb6 17. Nxg4 hxg4 18. Rxh8+ Bxh8 19. Qxg4 Ne7 20. Bg5 Nbc8 21. Bh4 c6 22. Rh5 Bg7 23. Qxg7 Kd7 24. Rh7 Qb6 25. b3 1-0

[Event "Trois-Rivieres op"]
[Site "Trois Rivieres"]
[Date "2018.03.18"]
[Round "5.8"]
[White "Bolduc, Steve"]
[Black "Tomb, Maroun"]
[Result "1/2-1/2"]
[WhiteElo "2159"]
[BlackElo "2323"]
[PlyCount "91"]
[EventDate "2018.03.16"]
[EventType "swiss"]
[EventRounds "5"]
[EventCountry "CAN"]
[SourceTitle "EXT 2022"]
[Source "ChessBase"]
[SourceDate "2021.10.06"]
[SourceVersion "1"]
[SourceVersionDate "2021.10.06"]
[SourceQuality "1"]

1. f4 d6 2. Nf3 g6 3. g3 b6 4. Bg2 Bb7 5. d3 Bg7 6. e4 e6 7. 0-0 Ne7 8. c3 0-0 9. Qe2 c5 10. Nh4 Nd7 11. Na3 Nc6 12. Nc4 Qe7 13. a4 d5 14. Ne3 d4 15. Nd1 dxc3 16. bxc3 Na5 17. Bb2 Ba6 18. Nf2 Rfd8 19. e5 Rac8 20. Ne4 Nxe5 21. fxe5 Bxd3 22. Qf3 Bxf1 23. Nf6+ Kh8 24. Rxf1 Nc4 25. Qe2 Nxb2 26. Qxb2 Bh6 27. Ng4 Bg5 28. Nf3 h5 29. h4 Bf4 30. Nf6 Be3+ 31. Kh1 Kg7 32. Qe2 Bh6 33. Ne4 Rf8 34. Bh3 Rcd8 35. Nfg5 Bxg5 36. Nxg5 Rd7 37. Ne4 Rd5 38. Nf6 Rdd8 39. Bg2 Rh8 40. Qe3 Qc7 41. Bf3 a6 42. Qg5 Kf8 43. Be4 Kg7 44. Bf3 Kf8 45. Bxh5 gxh5 46. Nxh5 1/2-1/2

[Event "Montreal Varennes op"]
[Site "Montreal"]
[Date "2017.10.07"]
[Round "3"]
[White "Bolduc, Steve"]
[Black "Ortiz Suarez, Isan Reynaldo"]
[Result "0-1"]
[WhiteElo "2173"]
[BlackElo "2528"]
[PlyCount "62"]
[EventDate "2017.10.06"]
[EventType "swiss"]
[EventRounds "5"]
[EventCountry "CAN"]
[SourceTitle "CBM 181 Extra"]
[Source "ChessBase"]
[SourceDate "2017.12.12"]
[SourceVersion "1"]
[SourceVersionDate "2017.12.12"]
[SourceQuality "1"]

1. d4 Nf6 2. Bg5 d5 3. e3 Nbd7 4. Nf3 g6 5. Be2 Bg7 6. 0-0 0-0 7. c4 dxc4 8. Bxc4 c5 9. Nc3 a6 10. Bb3 b5 11. a4 c4 12. Bc2 b4 13. Ne4 Bb7 14. Nxf6+ Nxf6 15. Qe2 Rc8 16. e4 a5 17. Rfd1 Nd7 18. e5 Bd5 19. Nd2 f6 20. exf6 exf6 21. Bh4 Re8 22. Qg4 Qc7 23. Nf1 f5 24. Qg5 b3 25. Bb1 c3 26. bxc3 Qxc3 27. Bd3 b2 28. Rab1 Ba2 29. Qg3 Bxb1 30. Rxb1 Qxd4 31. Bg5 Rc3 0-1

[Event "Montreal Varennes op"]
[Site "Montreal"]
[Date "2017.10.06"]
[Round "1"]
[White "Bolduc, Steve"]
[Black "Martin, Steve"]
[Result "1/2-1/2"]
[WhiteElo "2173"]
[BlackElo "1867"]
[PlyCount "77"]
[EventDate "2017.10.06"]
[EventType "swiss"]
[EventRounds "5"]
[EventCountry "CAN"]
[SourceTitle "CBM 181 Extra"]
[Source "ChessBase"]
[SourceDate "2017.12.12"]
[SourceVersion "1"]
[SourceVersionDate "2017.12.12"]
[SourceQuality "1"]

1. d4 f5 2. Nc3 Nf6 3. Bg5 d5 4. Bxf6 exf6 5. e3 c6 6. g3 Qb6 7. Rb1 Be6 8. Nge2 Bd6 9. Bh3 Kf7 10. 0-0 g6 11. Na4 Qa5 12. c3 Nd7 13. b4 Qa6 14. Nc5 Nxc5 15. bxc5 Bc7 16. Nf4 Bxf4 17. exf4 b5 18. Rb2 Qa5 19. Re1 Qxc3 20. Rb3 Qc4 21. Bf1 Qa4 22. Qd2 Rhe8 23. Ree3 Qa6 24. a4 Bd7 25. axb5 cxb5 26. Ra3 Qb7 27. Qa5 a6 28. Reb3 Bc6 29. Bd3 Bd7 30. h4 Bc6 31. Ra1 Bd7 32. Rba3 Re6 33. Kf1 Kg7 34. h5 Qb8 35. Kg2 Qb7 36. Rh1 Qb8 37. h6+ Kf7 38. Rha1 Qb7 39. Qd2 1/2-1/2

[Event "CAN-ch"]
[Site "Montreal"]
[Date "2017.06.28"]
[Round "4"]
[White "Bolduc, Steve"]
[Black "Yu, Zong Yang"]
[Result "0-1"]
[WhiteElo "2195"]
[BlackElo "2393"]
[PlyCount "80"]
[EventDate "2017.06.27"]
[EventType "swiss"]
[EventRounds "9"]
[EventCountry "CAN"]
[SourceTitle "CBM 179 Extra"]
[Source "ChessBase"]
[SourceDate "2017.08.23"]
[SourceVersion "1"]
[SourceVersionDate "2017.08.23"]
[SourceQuality "1"]

1. d4 Nf6 2. Bg5 Ne4 3. Bf4 d5 4. e3 c5 5. Bd3 Nf6 6. dxc5 Nc6 7. Nf3 Bg4 8. Be2 e6 9. 0-0 Bxc5 10. c4 dxc4 11. Qa4 0-0 12. Qxc4 Be7 13. Nc3 Qb6 14. Qb5 Qxb5 15. Bxb5 Bxf3 16. gxf3 Rac8 17. Rfd1 a6 18. Ba4 b5 19. Bb3 Rfd8 20. Rxd8+ Rxd8 21. Rd1 Rc8 22. e4 Kf8 23. Kf1 Na5 24. Ke2 Ke8 25. Bd6 Rc6 26. Bxe7 Kxe7 27. Ke3 Nd7 28. Ne2 Ne5 29. Nd4 Rd6 30. Ke2 g5 31. h4 h6 32. h5 Nd7 33. Bc2 Nc4 34. f4 gxf4 35. Kf3 Nxb2 36. Rd2 Nc4 37. Rd1 Kf6 38. e5+ Kxe5 39. Nc6+ Rxc6 40. Rxd7 Nb6 0-1

[Event "Montreal CC-ch"]
[Site "Montreal"]
[Date "2017.06.09"]
[Round "1.5"]
[White "Larbi Bouamrane, Mehdi"]
[Black "Bolduc, Steve"]
[Result "0-1"]
[WhiteElo "1513"]
[BlackElo "2272"]
[PlyCount "84"]
[EventDate "2017.06.09"]
[EventType "swiss"]
[EventRounds "5"]
[EventCountry "CAN"]
[SourceTitle "EXT 2022"]
[Source "ChessBase"]
[SourceDate "2021.10.06"]
[SourceVersion "1"]
[SourceVersionDate "2021.10.06"]
[SourceQuality "1"]

1. e4 Nf6 2. Nc3 e5 3. Bc4 Nc6 4. d3 Na5 5. a3 Nxc4 6. dxc4 d6 7. Bg5 h6 8. Bh4 Be7 9. Nf3 Be6 10. Qe2 c6 11. h3 g5 12. Bg3 Nh5 13. 0-0-0 Nxg3 14. fxg3 Qb6 15. g4 0-0-0 16. Rhf1 Rhe8 17. Nd2 Qa6 18. Rf3 Bf8 19. Na2 d5 20. exd5 cxd5 21. Rc3 d4 22. Rb3 e4 23. Nb4 Bxb4 24. Rxb4 f5 25. gxf5 Bxf5 26. Nb3 d3 27. Qf2 Bg6 28. Nc5 e3 29. Qf3 d2+ 30. Kb1 Qc6 31. Qg4+ Kb8 32. Nxb7 Qxb7 33. Rxb7+ Kxb7 34. Qf3+ Be4 35. Qe2 Kb8 36. b3 Bxg2 37. c5 Bf3 38. Qxf3 e2 39. Qg3+ Kc8 40. Qg4+ Rd7 41. c6 exd1Q+ 42. Qxd1 Re1 0-1

[Event "Montreal Choc des Generations"]
[Site "Montreal"]
[Date "2017.04.09"]
[Round "5.5"]
[White "Bolduc, Steve"]
[Black "Ouellet, Maili Jade"]
[Result "1-0"]
[WhiteElo "2192"]
[BlackElo "1986"]
[PlyCount "97"]
[EventDate "2017.04.07"]
[EventType "swiss"]
[EventRounds "5"]
[EventCountry "CAN"]
[SourceTitle "EXT 2022"]
[Source "ChessBase"]
[SourceDate "2021.10.06"]
[SourceVersion "1"]
[SourceVersionDate "2021.10.06"]
[SourceQuality "1"]

1. d4 d5 2. Bg5 h6 3. Bh4 c6 4. Nf3 Qb6 5. Qc1 Bf5 6. e3 Nd7 7. Be2 Ngf6 8. 0-0 e6 9. c4 Be7 10. Nc3 g5 11. Bg3 Ne4 12. Nxe4 Bxe4 13. Nd2 Bg6 14. c5 Qd8 15. b4 0-0 16. f3 f5 17. Bd3 Bf6 18. Qc2 Bg7 19. Bd6 Rf7 20. g4 Qf6 21. Nb3 e5 22. Rad1 Re8 23. gxf5 Bxf5 24. Bxf5 Qxf5 25. Qxf5 Rxf5 26. Na5 exd4 27. exd4 Re3 28. Nxb7 Rfxf3 29. Rxf3 Rxf3 30. b5 cxb5 31. c6 Nb6 32. Bc5 Rf7 33. Re1 Rc7 34. Re6 Rc8 35. Kf2 Rc7 36. Ke3 Kh7 37. Kd3 Rc8 38. Kc3 Na4+ 39. Kb4 a6 40. Ka5 Kg8 41. Kxa6 Ra8+ 42. Kxb5 Nc3+ 43. Kb6 Na4+ 44. Kc7 Nxc5 45. dxc5 d4 46. Kd7 d3 47. Rd6 Be5 48. Rxd3 Bxh2 49. Nd6 1-0

[Event "Montreal Choc des Generations"]
[Site "Montreal"]
[Date "2017.04.09"]
[Round "4.5"]
[White "Chiku Ratte, Olivier Kenta"]
[Black "Bolduc, Steve"]
[Result "1/2-1/2"]
[WhiteElo "2311"]
[BlackElo "2192"]
[PlyCount "230"]
[EventDate "2017.04.07"]
[EventType "swiss"]
[EventRounds "5"]
[EventCountry "CAN"]
[SourceTitle "EXT 2022"]
[Source "ChessBase"]
[SourceDate "2021.10.06"]
[SourceVersion "1"]
[SourceVersionDate "2021.10.06"]
[SourceQuality "1"]

1. d4 Nf6 2. c4 e6 3. Nc3 Bb4 4. f3 c5 5. d5 d6 6. e4 b5 7. Nge2 0-0 8. Nf4 e5 9. Nfe2 Ne8 10. Ng3 g6 11. cxb5 f5 12. Bd3 f4 13. Nge2 Qh4+ 14. Kd2 Nd7 15. Kc2 Nb6 16. b3 Nc7 17. a3 Ba5 18. Rb1 c4 19. bxc4 Bb7 20. Bd2 a6 21. a4 Rfc8 22. g3 Qd8 23. gxf4 axb5 24. axb5 Ne8 25. Rg1 Nxc4 26. Bxc4 Rxc4 27. f5 Bxc3 28. Bxc3 Ra2+ 29. Rb2 Qa5 30. Rxa2 Qxa2+ 31. Kd3 Ra4 32. Ke3 Qc4 33. Kf2 Ra2 34. Kf1 Qxb5 35. fxg6 hxg6 36. Rxg6+ Kf7 37. Rg2 Ba6 38. Ke1 Nf6 39. Bd2 Nd7 40. Rg1 Qb6 41. Rg2 Nc5 42. Nc1 Ra1 43. Qc2 Nd3+ 44. Kd1 Bc4 45. Qc3 Qb3+ 46. Qxb3 Bxb3+ 47. Ke2 Nxc1+ 48. Ke3 Ra2 49. Rg1 Bxd5 50. Rxc1 Be6 51. h4 d5 52. Rc7+ Kf6 53. exd5 Bxd5 54. Bc3 Rh2 55. f4 Rh3+ 56. Kd2 Rxh4 57. Bxe5+ Kf5 58. Ke3 Rh1 59. Rg7 Re1+ 60. Kd4 Rd1+ 61. Ke3 Re1+ 62. Kd4 Rd1+ 63. Kc5 Be6 64. Rg5+ Ke4 65. Kc6 Bf5 66. Rg2 Rf1 67. Re2+ Kf3 68. Rd2 Ke3 69. Ra2 Rxf4 70. Ra3+ Ke4 71. Bxf4 Kxf4 72. Kd6 Be4 73. Ke6 Bf5+ 74. Kf6 Be4 75. Ra4 Ke3 76. Ke5 Bd3 77. Ra3 Kd2 78. Kd4 Bb1 79. Rh3 Kc2 80. Rh1 Kb2 81. Kc4 Ka1 82. Kc3 Ka2 83. Rh2+ Ka1 84. Kb3 Bf5 85. Rh6 Be4 86. Rh4 Bf5 87. Rh1+ Bb1 88. Rh8 Be4 89. Rd8 Bf5 90. Re8 Bg6 91. Re7 Bf5 92. Re3 Bg6 93. Rf3 Be4 94. Re3 Bf5 95. Re2 Bg6 96. Ra2+ Kb1 97. Rf2 Ka1 98. Rf6 Be4 99. Rd6 Bf5 100. Ra6+ Kb1 101. Rf6 Bc2+ 102. Kc3 Be4 103. Rb6+ Ka1 104. Rb4 Bg6 105. Kd2 Bb1 106. Kc1 Ba2 107. Rb5 Bf7 108. Rb7 Be6 109. Kc2 Bf5+ 110. Kc3 Be6 111. Rb6 Bf7 112. Kc2 Bd5 113. Rd6 Be4+ 114. Kb3 Bf5 115. Rf6 Be4 1/2-1/2

[Event "Trois-Riveres op"]
[Site "Trois Rivieres"]
[Date "2017.03.19"]
[Round "5.5"]
[White "Rodrigue Lemieux, Shawn"]
[Black "Bolduc, Steve"]
[Result "1-0"]
[WhiteElo "2188"]
[BlackElo "2242"]
[PlyCount "56"]
[EventDate "2017.03.17"]
[EventType "swiss"]
[EventRounds "5"]
[EventCountry "CAN"]
[SourceTitle "EXT 2022"]
[Source "ChessBase"]
[SourceDate "2021.10.06"]
[SourceVersion "1"]
[SourceVersionDate "2021.10.06"]
[SourceQuality "1"]

1. d4 Nf6 2. Nf3 e6 3. e3 b6 4. Bd3 Bb7 5. Nbd2 d5 6. 0-0 Bd6 7. Ne5 0-0 8. f4 c5 9. c3 Nc6 10. g4 Ne7 11. Qf3 Nd7 12. Qh3 g6 13. Qh6 Kh8 14. Ndf3 Ng8 15. Qh3 Nxe5 16. dxe5 Bc7 17. f5 exf5 18. gxf5 Qd7 19. Rf2 Rae8 20. Rg2 Bc8 21. e6 fxe6 22. fxg6 Re7 23. gxh7 Nf6 24. Nh4 Rg7 25. Rxg7 Kxg7 26. Qg2+ Kf7 27. Qg6+ Ke7 28. Qg7+ Rf7 1-0

[Event "Quebec Montcalm op"]
[Site "Quebec"]
[Date "2017.01.06"]
[Round "1"]
[White "Bolduc, Steve"]
[Black "Garcia Casillas, Carlos"]
[Result "1-0"]
[WhiteElo "2267"]
[BlackElo "1808"]
[PlyCount "99"]
[EventDate "2017.01.06"]
[EventType "swiss"]
[EventRounds "5"]
[EventCountry "CAN"]
[SourceTitle "EXT 2022"]
[Source "ChessBase"]
[SourceDate "2021.10.06"]
[SourceVersion "1"]
[SourceVersionDate "2021.10.06"]
[SourceQuality "1"]

1. d4 Nf6 2. Bg5 g6 3. Bxf6 exf6 4. e3 Bg7 5. g3 d6 6. Bg2 Nd7 7. Ne2 f5 8. Nd2 0-0 9. 0-0 c6 10. c4 Nf6 11. b4 Qe7 12. b5 Ne4 13. Qc2 Re8 14. Rae1 h5 15. Nc3 Nxc3 16. Qxc3 c5 17. Qc1 Rb8 18. Nb3 b6 19. e4 f4 20. e5 fxg3 21. hxg3 Bf5 22. exd6 Qxd6 23. dxc5 bxc5 24. Bc6 Rxe1 25. Rxe1 Rd8 26. Bd5 Bd4 27. Qg5 Bg4 28. Kg2 Kg7 29. Qe7 Qf6 30. Qxf6+ Kxf6 31. f3 Bf5 32. Nxd4 cxd4 33. Rd1 d3 34. Kf2 Ke5 35. Ke3 f6 36. a4 Kd6 37. Kd4 Kc7 38. a5 g5 39. Kc5 h4 40. gxh4 gxh4 41. b6+ axb6+ 42. axb6+ Kb8 43. Ra1 Rxd5+ 44. Kxd5 h3 45. Kd4 Kb7 46. c5 Kc6 47. Ke3 Bc8 48. Kxd3 Bb7 49. Kd4 Kb5 50. Rh1 1-0